Générique Les Trois Mousquetaires - Paroles - Statistiques

Statistiques générales
  • Ce quiz a été pris 25 fois
  • Le résultat moyen est 25 sur 32
Statistiques - réponses
Paroles % Correct
Un pour tous et tous pour {un}
100%
Un pour tous et tous pour {un}
100%
Un pour tous et tous pour {un}
100%
Comme les doigts de la {main}
95%
Il faudra s'y {faire}
95%
On est comme des {frères}
95%
Un pour tous et tous pour {un}
95%
Un pour tous et tous pour {un}
95%
Un pour tous et tous pour {un}
95%
Comme les doigts de la {main}
90%
Lorsque l'on est {mousquetaire}
90%
On est comme des {frères}
90%
Un pour tous et tous pour {un}
90%
Un pour tous et tous pour {un}
90%
Et ça leur va {bien}
86%
Et ça leur va {bien}
86%
Un pour tous et tous pour {un}
86%
Lorsque l'on est {mousquetaire}
81%
Lorsque l'on est {mousquetaire}
81%
On est comme des {frères}
81%
Avec ces {mousquetaires}
71%
Et pour croiser le {fer}
71%
Quand on en voit {un}
71%
Ils sont sur la {Terre}
62%
Ils sont sur la {Terre}
57%
Oui être {fou}
52%
Il faudrait être {fou}
48%
Mais nous {savons}
48%
Qu'ils sont de joyeux {compagnons}
48%
Les autres ne sont pas {loin}
43%
Ils font des {tours} pendables
38%
Comme des petits {diables}
33%
Aucun quiz correspondant
Distribution des résultats
% des personnes avec chaque résultat
Percentile par nombre de réponses
Votre historique - résultats
Vous n’avez pas pris ce quiz